000 00415nam a2200157Ia 4500
008 221030s9999 xx 000 0 und d
020 _a8131760291
041 _aEnglish
100 _aITL Education Solutions
245 0 _aIntroduction to Information technology
_cby ITL Education Solutions
250 _a2nd
260 _bPearson Edcuation
_aNoida
_c2020
300 _a757
650 _aManagement
942 _cBK
999 _c18577
_d18577